[Event "Wch Juvenil 2013 sub-14"]
[Site "Al-Ain UAE"]
[Date "2013.12.20"]
[Round "3.34"]
[White "Jamar, Vadim"]
[Black "Maghsoodloo, Parham"]
[Result "0-1"]
[WhiteElo "1803"]
[BlackElo "2199"]
[PlyCount "60"]
[EventDate "2013.12.19"]
[EventType "swiss"]
[EventRounds "11"]
[EventCountry "UAE"]
[Source "lmi"]
[SourceDate "2013.12.19"]

1. e4 c6 2. Ne2 d5 3. e5 Bf5 4. Ng3 Bg6 5. h4 h6 6. h5 Bh7 7. e6 fxe6 8. d4
Qa5+ 9. c3 Nd7 10. f4 c5 11. Nd2 Ngf6 12. Nb3 Qc7 13. Be3 c4 14. Nd2 g5 15.
hxg6 Bxg6 16. Be2 Rg8 17. Kf2 O-O-O 18. Bh5 Bxh5 19. Nxh5 Ng4+ 20. Kf3 e5 21.
fxe5 Ndxe5+ 22. dxe5 Nxe3 23. Kxe3 Qxe5+ 24. Kf2 e6 25. Nf3 Bc5+ 26. Kf1 Rdf8
27. Qe1 Qe4 28. Rh3 Qd3+ 29. Qe2 Rxg2 30. Qxd3 Rg1+ 0-1

[Event "Wch Juvenil 2013 sub-14"]
[Site "Al-Ain UAE"]
[Date "2013.12.20"]
[Round "3.35"]
[White "Mesaros, Florian"]
[Black "Baterdene, Tsogbayar"]
[Result "1/2-1/2"]
[WhiteElo "2196"]
[BlackElo "1816"]
[PlyCount "59"]
[EventDate "2013.12.19"]
[EventType "swiss"]
[EventRounds "11"]
[EventCountry "UAE"]
[Source "lmi"]
[SourceDate "2013.12.19"]

1. Nf3 c5 2. c4 b6 3. g3 Bb7 4. Bg2 Nf6 5. O-O g6 6. d4 cxd4 7. Qxd4 Bg7 8. Nc3
O-O 9. Qh4 d6 10. Bh6 Nbd7 11. Bxg7 Kxg7 12. Rac1 Rc8 13. Qf4 Bxf3 14. Bxf3 Ne5
15. b3 Nxf3+ 16. Qxf3 Qd7 17. Rfd1 Rc5 18. Rd4 Rh5 19. Rcd1 Rc8 20. Nd5 Nxd5
21. Rxd5 Rxd5 22. Rxd5 Rc5 23. e4 Qe6 24. Kg2 Rxd5 25. exd5 Qe5 26. h4 h5 27.
Qd3 Kf6 28. b4 Qf5 29. Qc3+ Qe5 30. Qf3+ 1/2-1/2

[Event "Wch Juvenil 2013 sub-14"]
[Site "Al-Ain UAE"]
[Date "2013.12.20"]
[Round "3.36"]
[White "Martirosyan, Haik M"]
[Black "Kokaia, Guram"]
[Result "1-0"]
[WhiteElo "2131"]
[BlackElo "1812"]
[PlyCount "99"]
[EventDate "2013.12.19"]
[EventType "swiss"]
[EventRounds "11"]
[EventCountry "UAE"]
[Source "lmi"]
[SourceDate "2013.12.19"]

1. d4 d5 2. Nf3 Nf6 3. c4 c6 4. Nbd2 e6 5. g3 Bd6 6. Bg2 Nbd7 7. O-O O-O 8. Qc2
Qe7 9. e4 dxe4 10. Nxe4 Nxe4 11. Qxe4 e5 12. Bg5 f6 13. Be3 f5 14. Qc2 f4 15.
Bd2 exd4 16. Nxd4 Qf6 17. Bc3 Be5 18. Rad1 Nb6 19. Qb3 c5 20. Nb5 Bxc3 21. Nxc3
f3 22. Bh1 Be6 23. Ne4 Qf5 24. Nd6 Qg4 25. Rfe1 Bxc4 26. Nxc4 Qxc4 27. Qxc4+
Nxc4 28. b3 Nb6 29. Re3 Rad8 30. Rxd8 Rxd8 31. Bxf3 Rd7 32. Re8+ Kf7 33. Rb8 c4
34. bxc4 Nxc4 35. Bxb7 Ke7 36. Be4 g6 37. h4 Ke6 38. Kg2 Ke5 39. Bf3 Rd2 40.
Rb7 Rxa2 41. Rxh7 a5 42. Rc7 Ne3+ 43. Kg1 Ra1+ 44. Kh2 Nf1+ 45. Kg2 Nd2 46. Rc6
a4 47. Rxg6 a3 48. Ra6 a2 49. Bh5 Ne4 50. Bf7 1-0

[Event "Wch Juvenil 2013 sub-14"]
[Site "Al-Ain UAE"]
[Date "2013.12.20"]
[Round "3.37"]
[White "Foziljonov, Khojiakbar"]
[Black "Xu, Minghui"]
[Result "0-1"]
[WhiteElo "1801"]
[BlackElo "2121"]
[PlyCount "60"]
[EventDate "2013.12.19"]
[EventType "swiss"]
[EventRounds "11"]
[EventCountry "UAE"]
[Source "lmi"]
[SourceDate "2013.12.19"]

1. e4 c5 2. Nf3 d6 3. d4 cxd4 4. Nxd4 Nf6 5. Nc3 a6 6. Be3 e5 7. Nb3 Be6 8. f3
Be7 9. Qd2 O-O 10. O-O-O Nbd7 11. g4 b5 12. h4 b4 13. Nd5 Bxd5 14. exd5 a5 15.
Kb1 Nb6 16. Bxb6 Qxb6 17. h5 a4 18. Nc1 b3 19. cxb3 axb3 20. axb3 Nd7 21. g5
Rfc8 22. Bc4 Nc5 23. g6 Qa7 24. h6 fxg6 25. Qc3 Bf6 26. hxg7 Bxg7 27. Rh2 e4
28. Rd4 Bxd4 29. Qxd4 Qa1+ 30. Kc2 Qxc1+ 0-1

[Event "Wch Juvenil 2013 sub-14"]
[Site "Al-Ain UAE"]
[Date "2013.12.20"]
[Round "3.38"]
[White "Chow, Colin"]
[Black "Isakzhanov, Aibek"]
[Result "1/2-1/2"]
[WhiteElo "2114"]
[BlackElo "1807"]
[PlyCount "124"]
[EventDate "2013.12.19"]
[EventType "swiss"]
[EventRounds "11"]
[EventCountry "UAE"]
[Source "lmi"]
[SourceDate "2013.12.19"]

1. e4 c5 2. Nf3 d6 3. Bb5+ Bd7 4. Bxd7+ Qxd7 5. O-O Nc6 6. c3 Nf6 7. d4 cxd4 8.
cxd4 e6 9. Qe2 Be7 10. Nc3 O-O 11. d5 Nb4 12. dxe6 Qxe6 13. Nd4 Qd7 14. Rd1 Nc6
15. Nf5 Qe6 16. Bf4 Rad8 17. Qc2 g6 18. Nxe7+ Nxe7 19. Bg5 Rfe8 20. Qd3 Ng4 21.
Nd5 f6 22. Nc7 Qe5 23. Nxe8 Rxe8 24. Qxd6 fxg5 25. h3 Qxd6 26. Rxd6 Ne5 27. Re6
Nc4 28. Rc1 Nxb2 29. Rc7 Kf7 30. Rd6 b5 31. Rxa7 Nc4 32. Rd5 Rb8 33. Rdd7 Re8
34. Rab7 Ke6 35. Rd3 Nd6 36. Rb6 Nec8 37. Rb8 Re7 38. f3 Ra7 39. a3 Ra4 40. Kf2
Rc4 41. Kg3 Rc2 42. Ra8 Ra2 43. Ra6 b4 44. Rb3 Rxa3 45. Rbxa3 bxa3 46. Rxa3 Nf7
47. Ra6+ Ncd6 48. Kf2 Ke5 49. Ra5+ Ke6 50. Rc5 Ne5 51. Rc7 h6 52. Ke3 Nec4+ 53.
Ke2 Ne5 54. Rc5 Ndc4 55. g3 Nd6 56. f4 Nd7 57. Rc6 gxf4 58. gxf4 Nb8 59. Rb6
Nd7 60. Rc6 Nb8 61. Rb6 Nd7 62. Rc6 Nb8 1/2-1/2

[Event "Wch Juvenil 2013 sub-14"]
[Site "Al-Ain UAE"]
[Date "2013.12.20"]
[Round "3.39"]
[White "Shahaliyev, Ismayil Bahram"]
[Black "Gvenetadze, Davit"]
[Result "1-0"]
[WhiteElo "2091"]
[BlackElo "1801"]
[PlyCount "59"]
[EventDate "2013.12.19"]
[EventType "swiss"]
[EventRounds "11"]
[EventCountry "UAE"]
[Source "lmi"]
[SourceDate "2013.12.19"]

1. e4 c5 2. Nf3 d6 3. d4 cxd4 4. Nxd4 Nf6 5. f3 e5 6. Nb3 Be6 7. c4 Nc6 8. Be3
Be7 9. Nc3 O-O 10. Be2 Rc8 11. Nd5 Nd7 12. Qd2 Nc5 13. O-O Qd7 14. Rfd1 Rfd8
15. Na5 b6 16. Nxc6 Rxc6 17. b4 Nb7 18. c5 bxc5 19. Bb5 Bf8 20. bxc5 dxc5 21.
Qc3 Nd6 22. Bxc6 Qxc6 23. Qxc5 Qxc5 24. Bxc5 Rc8 25. Bxa7 Nb5 26. Be3 h6 27. a4
Na3 28. Rac1 Ra8 29. Nb6 Rb8 30. a5 1-0

[Event "Wch Juvenil 2013 sub-14"]
[Site "Al-Ain UAE"]
[Date "2013.12.20"]
[Round "3.40"]
[White "Mohammad, Fahim"]
[Black "Bennett, Rhys"]
[Result "1-0"]
[WhiteElo "2059"]
[BlackElo "1784"]
[PlyCount "75"]
[EventDate "2013.12.19"]
[EventType "swiss"]
[EventRounds "11"]
[EventCountry "UAE"]
[Source "lmi"]
[SourceDate "2013.12.19"]

1. d4 d5 2. c4 e6 3. Nc3 Nf6 4. Bg5 Nbd7 5. e3 Be7 6. Nf3 O-O 7. Qc2 a6 8. Rd1
h6 9. Bh4 dxc4 10. Bxc4 b5 11. Bb3 Bb7 12. e4 Ne8 13. Bg3 Bd6 14. e5 Bb4 15.
O-O Nb6 16. Ne4 Qd7 17. a3 Be7 18. Rfe1 Rc8 19. Ba2 Bd5 20. Bb1 g6 21. h4 Ng7
22. Bf4 Kh7 23. g4 h5 24. Nfg5+ Bxg5 25. Bxg5 Bxe4 26. Qxe4 Qd5 27. Qf4 Qd7 28.
Bf6 Nd5 29. Qg5 hxg4 30. h5 Nxf6 31. exf6 Nf5 32. hxg6+ fxg6 33. d5 Qf7 34.
Rxe6 Rce8 35. Rde1 Rxe6 36. Rxe6 Re8 37. Bxf5 gxf5 38. Rxe8 1-0

[Event "Wch Juvenil 2013 sub-14"]
[Site "Al-Ain UAE"]
[Date "2013.12.20"]
[Round "3.41"]
[White "Fedotov, Nikita"]
[Black "Hiebert, Kenji"]
[Result "1-0"]
[WhiteElo "2045"]
[BlackElo "1769"]
[PlyCount "71"]
[EventDate "2013.12.19"]
[EventType "swiss"]
[EventRounds "11"]
[EventCountry "UAE"]
[Source "lmi"]
[SourceDate "2013.12.19"]

1. Nf3 Nf6 2. g3 d5 3. Bg2 Bg4 4. O-O c6 5. c4 dxc4 6. Ne5 Be6 7. Qc2 Qd4 8.
Nf3 Qd6 9. Ng5 Nbd7 10. Nxe6 Qxe6 11. Nc3 g6 12. b3 cxb3 13. axb3 Bg7 14. d4
O-O 15. e4 Nb6 16. h3 Rfd8 17. Be3 Ne8 18. Rfd1 Nc7 19. Bf1 Qc8 20. Ra5 Ne6 21.
Ne2 Qc7 22. Qa2 c5 23. d5 Nc8 24. Rc1 b6 25. Ra6 Nf8 26. b4 Qe5 27. bxc5 Qxe4
28. Bg2 Qf5 29. cxb6 Rd7 30. d6 Rb8 31. dxe7 Rxe7 32. bxa7 Nxa7 33. Rxa7 Rxe3
34. fxe3 Bh6 35. Nf4 Qf6 36. Rxf7 1-0

[Event "Wch Juvenil 2013 sub-14"]
[Site "Al-Ain UAE"]
[Date "2013.12.20"]
[Round "3.42"]
[White "Licheli, Luka"]
[Black "Kazakovskiy, Valeriy"]
[Result "1-0"]
[WhiteElo "1759"]
[BlackElo "2023"]
[PlyCount "101"]
[EventDate "2013.12.19"]
[EventType "swiss"]
[EventRounds "11"]
[EventCountry "UAE"]
[Source "lmi"]
[SourceDate "2013.12.19"]

1. e4 e6 2. d3 d5 3. Nd2 Nf6 4. Ngf3 g6 5. g3 Bg7 6. Bg2 O-O 7. O-O c5 8. Qe2
Nc6 9. c3 b6 10. Nb1 Ba6 11. e5 Nd7 12. Bf4 Qc7 13. Re1 Rae8 14. Nbd2 Qd8 15.
h4 h6 16. Nf1 Kh7 17. Qc2 Qb8 18. d4 cxd4 19. cxd4 Rc8 20. Qd2 Rc7 21. Ne3 Na5
22. b3 Rfc8 23. Bf1 Bxf1 24. Rxf1 Bf8 25. Ne1 Rc6 26. Ng4 h5 27. Ne3 Be7 28.
Kg2 Rh8 29. Rh1 Qb7 30. Nf3 Rcc8 31. Bg5 Nc6 32. Kh2 Kg7 33. Qd3 a5 34. Rad1
Ra8 35. Rc1 Rac8 36. Rxc6 Qxc6 37. Bxe7 Qc3 38. Qb5 Qc6 39. Qe2 a4 40. Ng5 Rhe8
41. Bf6+ Kg8 42. Qf3 Qc3 43. Qf4 Qb2 44. bxa4 Qxa2 45. Nh3 Kh7 46. g4 Qe2 47.
Ng1 Qd3 48. gxh5 gxh5 49. Nh3 Nf8 50. Rg1 Ng6 51. Qf3 1-0

[Event "Wch Juvenil 2013 sub-14"]
[Site "Al-Ain UAE"]
[Date "2013.12.20"]
[Round "3.43"]
[White "Naotunna, Dineth Nimnaka"]
[Black "Nigmatov, Ortik"]
[Result "0-1"]
[WhiteElo "1759"]
[BlackElo "2023"]
[PlyCount "94"]
[EventDate "2013.12.19"]
[EventType "swiss"]
[EventRounds "11"]
[EventCountry "UAE"]
[Source "lmi"]
[SourceDate "2013.12.19"]

1. d4 Nf6 2. Bf4 g6 3. Nf3 Bg7 4. e3 d5 5. Nbd2 O-O 6. Bd3 c5 7. c3 b6 8. Ne5
Nh5 9. Bg5 cxd4 10. exd4 Qd6 11. g4 Bxe5 12. gxh5 Bf4 13. Bxf4 Qxf4 14. Qc2 Bg4
15. Be2 Bxe2 16. Kxe2 Qg4+ 17. Nf3 Qxh5 18. Rag1 f6 19. Qd3 Nc6 20. Rg3 Rad8
21. Kf1 e5 22. Qb5 Ne7 23. h4 Nf5 24. Rgh3 exd4 25. cxd4 Rfe8 26. Qd3 Rc8 27.
Kg2 Re4 28. Ne1 Rce8 29. Nc2 Re2 30. Kf1 R2e4 31. Rg1 Rxh4 32. Rxh4 Nxh4 33.
Rh1 Qg5 34. Ne1 Qf4 35. Qg3 Rxe1+ 36. Kxe1 Qc1+ 37. Ke2 Qxh1 38. Qb8+ Kg7 39.
Qxa7+ Kh6 40. Qxb6 Qf3+ 41. Kd2 Ng2 42. a4 Nf4 43. Qb5 Qxf2+ 44. Kc3 Qe3+ 45.
Kc2 Qe4+ 46. Kd2 Qxd4+ 47. Kc2 Qe4+ 0-1

[Event "Wch Juvenil 2013 sub-14"]
[Site "Al-Ain UAE"]
[Date "2013.12.20"]
[Round "3.44"]
[White "Cerniauskas, Markas"]
[Black "Fawzy, Adham"]
[Result "0-1"]
[WhiteElo "1756"]
[BlackElo "2013"]
[PlyCount "66"]
[EventDate "2013.12.19"]
[EventType "swiss"]
[EventRounds "11"]
[EventCountry "UAE"]
[Source "lmi"]
[SourceDate "2013.12.19"]

1. d4 Nf6 2. c4 c5 3. d5 e6 4. Nc3 exd5 5. cxd5 d6 6. e4 g6 7. f4 Bg7 8. Nf3
O-O 9. Bd3 b5 10. e5 dxe5 11. fxe5 Ng4 12. Bxb5 Nxe5 13. Nxe5 Bxe5 14. O-O Qh4
15. h3 Bxh3 16. Qf3 Bg4 17. g3 Bxg3 18. Qh1 Bh3 19. Qe4 Bxf1 20. Qxh4 Bxh4 21.
Kxf1 a6 22. Ba4 Rd8 23. Bf4 Ra7 24. Ne4 Nd7 25. Bxd7 Raxd7 26. d6 f5 27. Nxc5
Rxd6 28. Bxd6 Rxd6 29. b4 Bf6 30. Rc1 Bb2 31. Re1 Kf7 32. Re3 Bd4 33. Rh3 h5
0-1

[Event "Wch Juvenil 2013 sub-14"]
[Site "Al-Ain UAE"]
[Date "2013.12.20"]
[Round "3.45"]
[White "Sevgi, Volkan"]
[Black "Yasser, Mark"]
[Result "1-0"]
[WhiteElo "2007"]
[BlackElo "1750"]
[PlyCount "99"]
[EventDate "2013.12.19"]
[EventType "swiss"]
[EventRounds "11"]
[EventCountry "UAE"]
[Source "lmi"]
[SourceDate "2013.12.19"]

1. e4 c6 2. Nf3 d5 3. Nc3 Bg4 4. h3 Bxf3 5. Qxf3 e6 6. d3 Nd7 7. g4 Bb4 8. Bd2
d4 9. Nb1 Qb6 10. b3 Qc5 11. Qd1 O-O-O 12. a3 Bxd2+ 13. Nxd2 f5 14. b4 Qe7 15.
Bg2 f4 16. e5 Nxe5 17. Qe2 Qc7 18. O-O Nf6 19. Rfe1 Nfd7 20. Qe4 Rdf8 21. Qxd4
f3 22. Bf1 h5 23. Nc4 Nxc4 24. Qxc4 Rf6 25. g5 Ne5 26. Qh4 Rff8 27. Qg3 Rf5 28.
h4 Re8 29. Bh3 Ng4 30. Qxc7+ Kxc7 31. Re4 e5 32. Rae1 Kd6 33. Bxg4 hxg4 34.
Rxg4 Rh8 35. Kh2 g6 36. Kg3 b5 37. Ree4 c5 38. bxc5+ Kxc5 39. Re3 Rhf8 40. Rge4
Kd5 41. c3 R8f7 42. d4 exd4 43. Rxd4+ Kc5 44. Re6 Rg7 45. Rdd6 Kc4 46. Rxg6
Rgf7 47. Rgf6 Kxc3 48. Rxf5 Rxf5 49. g6 Rf8 50. h5 1-0

[Event "Wch Juvenil 2013 sub-14"]
[Site "Al-Ain UAE"]
[Date "2013.12.20"]
[Round "3.46"]
[White "Hoang, Harry"]
[Black "Kolver, Chris"]
[Result "1-0"]
[WhiteElo "1990"]
[BlackElo "1737"]
[PlyCount "73"]
[EventDate "2013.12.19"]
[EventType "swiss"]
[EventRounds "11"]
[EventCountry "UAE"]
[Source "lmi"]
[SourceDate "2013.12.19"]

1. e4 c5 2. Nf3 Nc6 3. d4 cxd4 4. Nxd4 Nf6 5. Nc3 e5 6. Ndb5 d6 7. Bg5 a6 8.
Na3 b5 9. Nd5 Be7 10. Bxf6 Bxf6 11. c4 b4 12. Nc2 O-O 13. Be2 Rb8 14. b3 Bg5
15. O-O f5 16. Bf3 Be6 17. Qd3 a5 18. exf5 Bxf5 19. Be4 g6 20. Rad1 Bg4 21. f3
Bd7 22. Qe2 Kh8 23. Rd3 Qc8 24. Rfd1 Nd8 25. Qf2 Bc6 26. h4 Bxd5 27. Rxd5 Be7
28. Rxa5 Ne6 29. Ra7 Qd8 30. h5 Nc5 31. Qe2 gxh5 32. Ne3 Rc8 33. Nd5 Re8 34.
Bb1 Ne6 35. Bf5 Nd4 36. Rxd4 exd4 37. Qe6 1-0

[Event "Wch Juvenil 2013 sub-14"]
[Site "Al-Ain UAE"]
[Date "2013.12.20"]
[Round "3.47"]
[White "Absaridze, Gigi"]
[Black "Banik, Siddharth G"]
[Result "1/2-1/2"]
[WhiteElo "1726"]
[BlackElo "1978"]
[PlyCount "78"]
[EventDate "2013.12.19"]
[EventType "swiss"]
[EventRounds "11"]
[EventCountry "UAE"]
[Source "lmi"]
[SourceDate "2013.12.19"]

1. e4 c5 2. c3 Nf6 3. e5 Nd5 4. Nf3 Nc6 5. d4 cxd4 6. Bc4 e6 7. cxd4 d6 8. O-O
Be7 9. a3 O-O 10. Re1 Qc7 11. Bxd5 exd5 12. Nc3 Be6 13. Nb5 Qd7 14. Nxd6 Bxd6
15. exd6 Qxd6 16. Ne5 Nxe5 17. Rxe5 Qb6 18. Re3 Rfe8 19. h3 Rac8 20. Rb3 Qa6
21. Be3 Bf5 22. Rc1 Rc4 23. Rbc3 b5 24. Qd2 h5 25. Qd1 g6 26. Qd2 Re4 27. Rxc4
bxc4 28. Qb4 Kg7 29. Re1 Qf6 30. Qa5 Qe6 31. Bd2 Rxe1+ 32. Bxe1 Bd3 33. Qd2 Qb6
34. Qb4 Qe6 35. Qd2 Qb6 36. Qb4 Qf6 37. Qa5 Qg5 38. Qd2 Qf6 39. Qa5 Qe6 1/2-1/2

[Event "Wch Juvenil 2013 sub-14"]
[Site "Al-Ain UAE"]
[Date "2013.12.20"]
[Round "3.48"]
[White "Djurhuus, Eivind X"]
[Black "Lynch, Justin"]
[Result "1/2-1/2"]
[WhiteElo "1978"]
[BlackElo "1725"]
[PlyCount "36"]
[EventDate "2013.12.19"]
[EventType "swiss"]
[EventRounds "11"]
[EventCountry "UAE"]
[Source "lmi"]
[SourceDate "2013.12.19"]

1. e4 c5 2. Nf3 e6 3. d4 cxd4 4. Nxd4 a6 5. Nc3 Qc7 6. Bd3 Nf6 7. f4 Bb4 8. O-O
Bc5 9. Nce2 Nc6 10. c3 d6 11. Kh1 Bd7 12. f5 e5 13. Nc2 Qb6 14. Ng3 h5 15. b4
Bf2 16. Rxf2 Qxf2 17. Be3 Ng4 18. Qxg4 Qxe3 1/2-1/2

[Event "Wch Juvenil 2013 sub-14"]
[Site "Al-Ain UAE"]
[Date "2013.12.20"]
[Round "3.49"]
[White "Sadubayev, Airat"]
[Black "Zhao, Juncheng"]
[Result "1/2-1/2"]
[WhiteElo "1706"]
[BlackElo "1963"]
[PlyCount "58"]
[EventDate "2013.12.19"]
[EventType "swiss"]
[EventRounds "11"]
[EventCountry "UAE"]
[Source "lmi"]
[SourceDate "2013.12.19"]

1. e4 e6 2. d4 d5 3. Nc3 Nf6 4. e5 Nfd7 5. f4 c5 6. Nf3 Nc6 7. Be3 Be7 8. Ne2
O-O 9. c3 f5 10. dxc5 Nxc5 11. Ned4 a6 12. Be2 Qc7 13. O-O b5 14. a3 g6 15. h3
Ne4 16. Kh2 h5 17. h4 Nxd4 18. Bxd4 Bb7 19. g3 Bc6 20. Be3 Kf7 21. Nd4 Rh8 22.
Kg2 Bd7 23. Rc1 Qb7 24. Qc2 Rac8 25. Qb1 Rhd8 26. Rfd1 Bc5 27. Qd3 Bc6 28. Bf3
Bb6 29. Qe2 Rh8 1/2-1/2

[Event "Wch Juvenil 2013 sub-14"]
[Site "Al-Ain UAE"]
[Date "2013.12.20"]
[Round "3.50"]
[White "Tavzarashvili, Giorgi"]
[Black "Virtanen, Teemu"]
[Result "0-1"]
[WhiteElo "1692"]
[BlackElo "1936"]
[PlyCount "54"]
[EventDate "2013.12.19"]
[EventType "swiss"]
[EventRounds "11"]
[EventCountry "UAE"]
[Source "lmi"]
[SourceDate "2013.12.19"]

1. e4 e5 2. Nf3 Nc6 3. Bc4 g6 4. d4 exd4 5. Nxd4 Bg7 6. Nxc6 bxc6 7. O-O Ne7 8.
Nc3 Rb8 9. f4 f5 10. exf5 d5 11. f6 Bxf6 12. Bd3 O-O 13. g4 c5 14. f5 c4 15.
Be2 gxf5 16. Bh6 Re8 17. g5 Be5 18. Rb1 Be6 19. Bh5 Ng6 20. Ne2 d4 21. Ng3 Rb5
22. a4 Rc5 23. Qf3 Qd6 24. Rbe1 d3 25. c3 d2 26. Rd1 Bd5 27. Qf2 Nf4 0-1

[Event "Wch Juvenil 2013 sub-14"]
[Site "Al-Ain UAE"]
[Date "2013.12.20"]
[Round "3.51"]
[White "Oliveira, Tiago Lopes"]
[Black "Nero, Georg"]
[Result "1-0"]
[WhiteElo "1930"]
[BlackElo "1706"]
[PlyCount "82"]
[EventDate "2013.12.19"]
[EventType "swiss"]
[EventRounds "11"]
[EventCountry "UAE"]
[Source "lmi"]
[SourceDate "2013.12.19"]

1. e4 c6 2. d4 d5 3. Nc3 dxe4 4. Nxe4 Bf5 5. Ng3 Bg6 6. h4 h6 7. Nf3 Nd7 8. h5
Bh7 9. Bd3 Bxd3 10. Qxd3 Qc7 11. Ne4 Ngf6 12. Bd2 e6 13. O-O-O O-O-O 14. g3 Nc5
15. Nxc5 Bxc5 16. Bf4 Bd6 17. Bxd6 Rxd6 18. Qe2 Rhd8 19. c3 Rd5 20. Ne5 c5 21.
Kb1 Kb8 22. dxc5 Kc8 23. f4 Rxc5 24. Rxd8+ Kxd8 25. c4 b5 26. b4 Rxc4 27. Nxc4
bxc4 28. Rc1 Nd5 29. Qxc4 Qb7 30. b5 a6 31. a4 axb5 32. Qxb5 Qa7 33. Rc5 Nc7
34. Qc6 Qb8+ 35. Kc2 Nd5 36. Rxd5+ exd5 37. Qxd5+ Kc8 38. Qc5+ Kd7 39. Qb5+
Qxb5 40. axb5 Kd6 41. Kb3 Kd5 1-0

[Event "Wch Juvenil 2013 sub-14"]
[Site "Al-Ain UAE"]
[Date "2013.12.20"]
[Round "3.52"]
[White "Thilakarathne, G M S."]
[Black "Ahn, Hongjin"]
[Result "0-1"]
[WhiteElo "1674"]
[BlackElo "1907"]
[PlyCount "108"]
[EventDate "2013.12.19"]
[EventType "swiss"]
[EventRounds "11"]
[EventCountry "UAE"]
[Source "lmi"]
[SourceDate "2013.12.19"]

1. e4 c5 2. Nf3 Nc6 3. d4 cxd4 4. Nxd4 Qb6 5. Nxc6 bxc6 6. Bd3 d6 7. Nc3 Nf6 8.
h3 e5 9. O-O Be7 10. Na4 Qc7 11. c4 O-O 12. Nc3 Be6 13. Be3 Nd7 14. Rc1 Qb7 15.
b3 Rad8 16. Qe2 g6 17. Rfd1 Kh8 18. Bh6 Rg8 19. Be3 f5 20. f4 Rdf8 21. Rf1 Rf7
22. Rcd1 Rgf8 23. Qd2 Bf6 24. exf5 gxf5 25. fxe5 Bxe5 26. Be2 f4 27. Bd4 Rg7
28. Kh1 Rf6 29. Bf3 Rfg6 30. Ne4 d5 31. Nc5 Qc7 32. Nxe6 Rxe6 33. cxd5 cxd5 34.
Bxd5 Rf6 35. Rc1 Qd8 36. Bxe5 Nxe5 37. Rxf4 Rxf4 38. Qxf4 Nd3 39. Qc4 Nxc1 40.
Qxc1 Qxd5 41. Qc8+ Qg8 42. Qc3 Qf8 43. Kg1 Qd8 44. a4 Kg8 45. Qc4+ Rf7 46. Qg4+
Kf8 47. Qb4+ Qe7 48. Qb8+ Kg7 49. Qg3+ Kh8 50. Qc3+ Qf6 51. Qc8+ Rf8 52. Qc1
Qf2+ 53. Kh2 Qf4+ 54. Qxf4 Rxf4 0-1

[Event "Wch Juvenil 2013 sub-14"]
[Site "Al-Ain UAE"]
[Date "2013.12.20"]
[Round "3.53"]
[White "Garcia Herrera, Enrique Ric"]
[Black "Mamyrbay, Assad"]
[Result "0-1"]
[WhiteElo "1662"]
[BlackElo "1904"]
[PlyCount "40"]
[EventDate "2013.12.19"]
[EventType "swiss"]
[EventRounds "11"]
[EventCountry "UAE"]
[Source "lmi"]
[SourceDate "2013.12.19"]

1. Nf3 d5 2. c4 e6 3. g3 dxc4 4. Qa4+ Nd7 5. Bg2 a6 6. Qxc4 b5 7. Qc2 Bb7 8. d4
Ngf6 9. O-O Be7 10. Nc3 O-O 11. Re1 c5 12. dxc5 Nxc5 13. Bf4 Rc8 14. a3 Nce4
15. Ng5 Rc4 16. Be5 Nxg5 17. Bxb7 Ng4 18. h4 Qb6 19. e3 Qxb7 20. hxg5 Nxe5 0-1

[Event "Wch Juvenil 2013 sub-14"]
[Site "Al-Ain UAE"]
[Date "2013.12.20"]
[Round "3.54"]
[White "Manukyan, Artyom"]
[Black "Kuruppu, Supun Dasantha"]
[Result "1-0"]
[WhiteElo "1890"]
[BlackElo "1692"]
[PlyCount "77"]
[EventDate "2013.12.19"]
[EventType "swiss"]
[EventRounds "11"]
[EventCountry "UAE"]
[Source "lmi"]
[SourceDate "2013.12.19"]

1. e4 c5 2. Nc3 e6 3. g3 Nc6 4. Bg2 Nge7 5. Nge2 g6 6. O-O Bg7 7. d3 d6 8. Bf4
a6 9. a4 O-O 10. Qd2 b6 11. Bh6 Bb7 12. Bxg7 Kxg7 13. f4 d5 14. exd5 exd5 15.
d4 Na5 16. b3 Re8 17. g4 f5 18. Ng3 Nac6 19. Nce2 Qd6 20. gxf5 Nxf5 21. Nxf5+
gxf5 22. Ng3 Ne7 23. Rae1 Rf8 24. Re5 Rf7 25. Rfe1 Raf8 26. Nh5+ Kh8 27. Re6
Qc7 28. Qc3 Kg8 29. dxc5 d4 30. Qxd4 Rd8 31. Rd6 Nc6 32. Qd2 bxc5 33. Rxd8+
Nxd8 34. Re8+ Rf8 35. Bd5+ Bxd5 36. Qxd5+ Nf7 37. Qg2+ Ng5 38. Qxg5+ Kh8 39.
Rxf8# 1-0

[Event "Wch Juvenil 2013 sub-14"]
[Site "Al-Ain UAE"]
[Date "2013.12.20"]
[Round "3.55"]
[White "Turar, Dastan"]
[Black "Kenenbaev, Aidar"]
[Result "1-0"]
[WhiteElo "1890"]
[BlackElo "1680"]
[PlyCount "127"]
[EventDate "2013.12.19"]
[EventType "swiss"]
[EventRounds "11"]
[EventCountry "UAE"]
[Source "lmi"]
[SourceDate "2013.12.19"]

1. d4 Nf6 2. c4 g6 3. Nc3 Bg7 4. e4 d6 5. Be2 O-O 6. Nf3 e5 7. O-O Nc6 8. d5
Ne7 9. b4 Nh5 10. Re1 Nf4 11. Bxf4 exf4 12. Rc1 a5 13. a3 axb4 14. axb4 f5 15.
exf5 Nxf5 16. Nb5 Bd7 17. Nbd4 Nxd4 18. Nxd4 Qf6 19. Ne6 Bxe6 20. dxe6 Qxe6 21.
Bg4 Qf6 22. Qd5+ Kh8 23. Qxb7 Ra2 24. Qxc7 Qh4 25. Bf3 Qxf2+ 26. Kh1 g5 27. Rf1
Qh4 28. Qd7 h5 29. Qh3 Qxh3 30. gxh3 Rb2 31. b5 Be5 32. Rg1 Rf2 33. Rcf1 Rxf1
34. Rxf1 Rc8 35. Rb1 Rxc4 36. Bd5 Rc8 37. b6 Bd4 38. b7 Rb8 39. Rc1 Ba7 40. Ra1
Bb6 41. Ra6 Bd8 42. Ra4 Kg7 43. Rc4 Bb6 44. Rb4 Bc7 45. h4 Kf6 46. hxg5+ Kxg5
47. Rc4 Bb6 48. Rc8 Ba7 49. Rc7 Bb6 50. Rf7 Ba7 51. Kg2 Re8 52. Bf3 Rb8 53. Rh7
Kf6 54. Bd5 Kg5 55. Kf3 Be3 56. Rd7 Kh4 57. Rxd6 Kh3 58. Rh6 h4 59. Be6+ Kxh2
60. Rxh4+ Kg1 61. Bh3 Bf2 62. Rh7 Bg3 63. Bg2 Bh2 64. Rc7 1-0

[Event "Wch Juvenil 2013 sub-14"]
[Site "Al-Ain UAE"]
[Date "2013.12.20"]
[Round "3.56"]
[White "Modi, Sachin"]
[Black "Lau, Jason"]
[Result "1/2-1/2"]
[WhiteElo "1658"]
[BlackElo "1888"]
[PlyCount "114"]
[EventDate "2013.12.19"]
[EventType "swiss"]
[EventRounds "11"]
[EventCountry "UAE"]
[Source "lmi"]
[SourceDate "2013.12.19"]

1. e4 e5 2. Nf3 Nc6 3. Bb5 f5 4. d3 fxe4 5. dxe4 Nf6 6. O-O Bc5 7. Nc3 d6 8.
Qe2 Bg4 9. Na4 Bb6 10. Nxb6 axb6 11. Qd3 Qd7 12. a4 O-O 13. c3 Kh8 14. Nh4 Be6
15. Bg5 Nh5 16. Qd2 Qf7 17. Be2 Nf4 18. Bxf4 Qxf4 19. Nf3 Qxe4 20. Bd3 Qf4 21.
Qxf4 Rxf4 22. Bb5 Ne7 23. Ng5 Bg8 24. Bd7 h6 25. g3 Rff8 26. Ne6 Bxe6 27. Bxe6
d5 28. Rfe1 e4 29. c4 c6 30. cxd5 cxd5 31. Red1 Rad8 32. Rd2 Rf6 33. Bh3 Rc6
34. Bf1 Rdc8 35. Rad1 Rc1 36. Bh3 Rxd1+ 37. Rxd1 Rc2 38. Be6 Rxb2 39. Bxd5 Nxd5
40. Rxd5 Rb4 41. Rd7 Rxa4 42. Rxb7 Rb4 43. Kf1 Kh7 44. Ke2 Kg6 45. Ke3 Kf6 46.
h3 g6 47. Rb8 Kf7 48. h4 h5 49. Rb7+ Kf6 50. Rb8 Kf5 51. Rf8+ Ke5 52. Re8+ Kf6
53. Rf8+ Ke7 54. Rg8 Kf7 55. Rb8 b5 56. Rb6 Kg7 57. Kf4 Rb2 1/2-1/2

[Event "Wch Juvenil 2013 sub-14"]
[Site "Al-Ain UAE"]
[Date "2013.12.20"]
[Round "3.57"]
[White "Abbasov, Zaur Shahin"]
[Black "Rafili, Said Elchin"]
[Result "1-0"]
[BlackElo "1611"]
[PlyCount "35"]
[EventDate "2013.12.19"]
[EventType "swiss"]
[EventRounds "11"]
[EventCountry "UAE"]
[Source "lmi"]
[SourceDate "2013.12.19"]
[WhiteElo "1882"]

1. d4 Nf6 2. c4 e5 3. dxe5 Ng4 4. Bf4 g5 5. Bg3 Bg7 6. Nf3 Nc6 7. Nc3 Ngxe5 8.
Nxe5 Nxe5 9. e3 d6 10. h4 g4 11. h5 h6 12. Bh4 Qd7 13. Nd5 O-O 14. f4 Nc6 15.
Bf6 b6 16. Qd2 Re8 17. Bxg7 Qe6 18. Qc3 1-0